000 00604nam a2200193Ii 4500
003 JO-AjNU
008 230605s9999||||xx |||||||||||||| ||und||
040 _aJO-AjNU
_bara
_erda
_cJO-AjNU
041 _aara
050 1 4 _aBP135.A2.N313.1988
100 3 _aسعد، عبدالرحمن,
_eauthor
_956397
245 0 0 _aرياض الصالحين، الجزء الاول
264 3 1 _aد،م: د،ن، 1988
300 _aج1، 556ص
336 _atext
_btxt
_2rdacontent
337 _aunmediated
_bn
_2rdamedia
338 _avolume
_bnc
_2rdacarrier
650 4 _a حديث شريف -- مجموعات
_956398
999 _aA25211
_c28779
_d28779